[Event "6e Open International d'Echecs Sables d'"]
[Site "Les Sables d'Olonne ; France"]
[Date "2019.07.14"]
[Round "2.10"]
[White "Renault, Jerome"]
[Black "Briand, Amaury"]
[Result "1-0"]
[WhiteElo "2097"]
[BlackElo "1896"]
[PlyCount "103"]
[EventDate "2019.??.??"]
[WhiteTeam "Cercle d'échecs des Sables d'Olonne"]
[BlackTeam "Carquefou Echecs"]

1. d4 d5 2. c4 dxc4 3. Nf3 Nf6 4. e3 e6 5. Bxc4 a6 6. O-O c5 7. a4 Nc6 8. Nc3
cxd4 9. exd4 Nb4 10. Bg5 Be7 11. Qb3 Nc6 12. Qd1 O-O 13. Re1 Nb4 14. Rc1 Bd7
15. Ne5 Bc6 16. Qb3 Nbd5 17. Nxc6 bxc6 18. Ne4 Rb8 19. Qc2 Nb4 20. Qd1 Nxe4 21.
Bxe7 Qxe7 22. Rxe4 Rfd8 23. Qe2 a5 24. Rg4 Qf6 25. Qe3 Rd7 26. h3 Rbd8 27. Rf4
Qh6 28. b3 Rxd4 29. Rxd4 Rxd4 30. Qxh6 gxh6 31. Be2 e5 32. Rc5 Rd5 33. Rc4 Rd4
34. Rc5 Rd5 35. Rc3 e4 36. f3 f5 37. Bc4 Kf7 38. fxe4 fxe4 39. Kf2 Kf6 40. Bxd5
cxd5 41. Ke3 Ke5 42. Rc5 h5 43. Rxa5 Nc2+ 44. Kd2 Nd4 45. Ra7 Nxb3+ 46. Kc3 Nc5
47. Re7+ Kf4 48. a5 e3 49. Kd4 Nb3+ 50. Kxd5 Nxa5 51. Re4+ Kg3 52. Rxe3+ 1-0

[Event "6e Open International d'Echecs Sables d'"]
[Site "Les Sables d'Olonne ; France"]
[Date "2019.07.14"]
[Round "2.11"]
[White "Rollot, Jean-Louis"]
[Black "Le Pen, Steven"]
[Result "0-1"]
[WhiteElo "1890"]
[BlackElo "2094"]
[PlyCount "60"]
[EventDate "2019.??.??"]
[WhiteTeam "Echiquier Carcassonnais "]
[BlackTeam "Club d'Echecs de la Bruffière"]

1. c4 e5 2. g3 Nf6 3. Bg2 c6 4. d4 exd4 5. Qxd4 d5 6. Nf3 Be7 7. cxd5 cxd5 8.
O-O Nc6 9. Qa4 O-O 10. Nc3 Be6 11. Rd1 Qb6 12. Nb5 Ne4 13. Nbd4 Bc5 14. e3 Rac8
15. Nxc6 bxc6 16. a3 Be7 17. Bd2 c5 18. b4 Bf6 19. Rab1 c4 20. Qc2 Bf5 21. Be1
Nxg3 22. Qa2 Bxb1 23. Rxb1 Ne4 24. Rd1 Rfd8 25. Qc2 Qe6 26. Nd4 Bxd4 27. Rxd4
Qg6 28. Qd1 c3 29. Rxd5 Rxd5 30. Qxd5 c2 0-1

[Event "6e Open International d'Echecs Sables d'"]
[Site "Les Sables d'Olonne ; France"]
[Date "2019.07.14"]
[Round "2.12"]
[White "Julien, Jules-Alois"]
[Black "Brehier, William"]
[Result "1-0"]
[WhiteElo "2093"]
[BlackElo "1865"]
[PlyCount "49"]
[EventDate "2019.??.??"]
[WhiteTeam "Club d'Echecs de la Bruffière"]
[BlackTeam "Chevau-légers de la Choisille"]

1. e4 c5 2. Nf3 e6 3. d3 a6 4. g3 b5 5. Bg2 Bb7 6. O-O Ne7 7. Qe2 Nbc6 8. c3 d5
9. e5 Nf5 10. Re1 Be7 11. Nbd2 h5 12. h4 Qa5 13. Nf1 b4 14. Bd2 Qb6 15. Ng5 a5
16. Bh3 g6 17. Ne3 Ba6 18. Nxd5 exd5 19. e6 f6 20. Nf7 Ne5 21. Nxh8 Bxd3 22.
Qd1 Kf8 23. Rxe5 fxe5 24. Nxg6+ Kg7 25. Bxf5 1-0

[Event "6e Open International d'Echecs Sables d'"]
[Site "Les Sables d'Olonne ; France"]
[Date "2019.07.14"]
[Round "2.13"]
[White "Maruejols, Claude"]
[Black "Maleki, Nicolas"]
[Result "0-1"]
[WhiteElo "1861"]
[BlackElo "2088"]
[PlyCount "57"]
[EventDate "2019.??.??"]
[WhiteTeam "L'Echiquier du Roy René"]
[BlackTeam "Echiquier Tourangeau"]

1. d4 Nf6 2. c4 e6 3. Nc3 Bb4 4. f3 c5 5. d5 b5 6. e4 bxc4 7. Bxc4 Bb7 8. Nge2
Nxd5 9. Bxd5 exd5 10. exd5 Qh4+ 11. g3 Qc4 12. O-O O-O 13. b3 Qa6 14. Bb2 Qh6
15. Nf4 Na6 16. Re1 Rfe8 17. Re4 Nc7 18. Qd3 Ba6 19. Qe3 Rxe4 20. Nxe4 Re8 21.
Qf2 d6 22. g4 Qxf4 23. Bc1 Qe5 24. Bb2 Qxd5 25. a3 Ba5 26. Qh4 Bd2 27. Kf2 Rxe4
28. fxe4 Qxe4 29. Qg3 0-1

[Event "6e Open International d'Echecs des Sable"]
[Site "Sables d'Olonne, France"]
[Date "2019.07.15"]
[Round "3.1"]
[White "Prie, Eric"]
[Black "Eugene, Floryan"]
[Result "1-0"]
[WhiteElo "2436"]
[BlackElo "2300"]
[Annotator "jeanluc"]
[PlyCount "87"]
[EventDate "2019.??.??"]
[TimeControl "1/40:0"]
[WhiteClock "0:04:26"]
[BlackClock "0:04:14"]

1. d4 {[%emt 0:00:00]} Nf6 {[%emt 0:00:00]} 2. Bf4 {[%emt 0:00:00]} e6 {
[%emt 0:00:00]} 3. e3 {[%emt 0:00:00]} d5 {[%emt 0:00:00]} 4. Nd2 {[%emt 0:00:
00]} Bd6 {[%emt 0:00:00]} 5. Bg3 {[%emt 0:00:00]} O-O {[%emt 0:00:00]} 6. Bd3 {
[%emt 0:00:00]} c5 {[%emt 0:00:00]} 7. c3 {[%emt 0:00:00]} Qc7 {[%emt 0:00:00]}
8. Bxd6 {[%emt 0:00:00]} Qxd6 {[%emt 0:00:00]} 9. f4 {[%emt 0:00:00]} cxd4 {
[%emt 0:00:00]} 10. cxd4 {[%emt 0:00:00]} Qb6 {[%emt 0:00:00]} 11. Qb3 {
[%emt 0:00:00]} Qxb3 {[%emt 0:00:00]} 12. Nxb3 {[%emt 0:00:00]} b6 {[%emt 0:00:
00]} 13. Nf3 {[%emt 0:00:00]} Ba6 {[%emt 0:00:00]} 14. Bxa6 {[%emt 0:00:00]}
Nxa6 {[%emt 0:00:00]} 15. Ke2 {[%emt 0:00:00]} Rfc8 {[%emt 0:00:00]} 16. Rac1 {
[%emt 0:00:00]} Ne4 {[%emt 0:00:00]} 17. a3 {[%emt 0:00:00]} Nd6 {[%emt 0:00:
00]} 18. g4 {[%emt 0:00:00]} b5 {[%emt 0:00:00]} 19. Ne5 {[%emt 0:00:00]} Nc4 {
[%emt 0:00:00]} 20. Nd3 {[%emt 0:00:00]} Nb6 {[%emt 0:00:00]} 21. h4 {[%emt 0:
00:00]} f6 {[%emt 0:00:00]} 22. h5 {[%emt 0:00:00]} Kf7 {[%emt 0:00:03]} 23. g5
{[%emt 0:00:00]} Rc4 {[%emt 0:04:42]} 24. h6 {[%emt 0:05:26]} Rxc1 {[%emt 0:02:
13]} 25. Nbxc1 {[%emt 0:05:13]} g6 {[%emt 0:02:21]} 26. b3 {[%emt 0:01:00]} Rc8
{[%emt 0:00:51]} 27. Kd2 {[%emt 0:00:20]} Nd7 {[%emt 0:02:14]} 28. Ne2 {
[%emt 0:00:41]} Rc6 {[%emt 0:00:31]} 29. gxf6 {[%emt 0:03:19]} Kxf6 {[%emt 0:
00:34]} 30. Ne5 {[%emt 0:00:16]} Nxe5 {[%emt 0:02:07]} 31. dxe5+ {[%emt 0:00:
17]} Ke7 {[%emt 0:00:11]} 32. Nd4 {[%emt 0:00:21]} Rb6 {[%emt 0:00:44]} 33. Rc1
{[%emt 0:00:49]} Kd7 {[%emt 0:00:37]} 34. Nf3 {[%emt 0:00:59]} Rb8 {[%emt 0:01:
49]} 35. Ng5 {[%emt 0:00:18]} Rh8 {[%emt 0:01:13]} 36. Nxe6 {[%emt 0:00:26]}
Kxe6 {[%emt 0:00:12]} 37. Rc6+ {[%emt 0:00:16]} Kf5 {[%emt 0:00:12]} 38. Rxa6 {
[%emt 0:00:18]} g5 {[%emt 0:01:13]} 39. fxg5 {[%emt 0:01:33]} Kxg5 {[%emt 0:01:
11]} 40. Kd3 {[%emt 0:00:19]} Rc8 {[%emt 0:00:38]} 41. Kd4 {[%emt 0:00:24]} Rc1
{[%emt 0:00:24]} 42. Kxd5 {[%emt 0:00:40]} Rc3 {[%emt 0:00:12]} 43. e4 {
[%emt 0:01:11]} Rxb3 {[%emt 0:00:14]} 44. e6 {[%emt 0:00:48]} 1-0

[Event "6e Open International d'Echecs des Sable"]
[Site "Sables d'Olonne, France"]
[Date "2019.07.15"]
[Round "3.2"]
[White "Bujisho, Benjamin"]
[Black "Vidal, Llewellyn"]
[Result "1-0"]
[WhiteElo "2326"]
[BlackElo "2336"]
[Annotator "jeanluc"]
[PlyCount "55"]
[EventDate "2019.??.??"]
[TimeControl "1/40:0"]
[WhiteClock "0:09:40"]
[BlackClock "0:10:01"]

1. e4 {[%emt 0:00:00]} c5 {[%emt 0:00:00]} 2. Nc3 {[%emt 0:00:00]} Nc6 {
[%emt 0:00:00]} 3. g3 {[%emt 0:00:00]} g6 {[%emt 0:00:00]} 4. Bg2 {[%emt 0:00:
00]} Bg7 {[%emt 0:00:00]} 5. d3 {[%emt 0:00:00]} d6 {[%emt 0:00:00]} 6. Be3 {
[%emt 0:00:00]} e5 {[%emt 0:00:00]} 7. Qd2 {[%emt 0:00:00]} Be6 {[%emt 0:00:00]
} 8. f4 {[%emt 0:00:00]} Nge7 {[%emt 0:00:00]} 9. Nf3 {[%emt 0:00:00]} Nd4 {
[%emt 0:00:00]} 10. O-O {[%emt 0:00:00]} h6 {[%emt 0:00:00]} 11. fxe5 {[%emt 0:
00:00]} dxe5 {[%emt 0:00:00]} 12. a3 {[%emt 0:00:00]} Rc8 {[%emt 0:00:00]} 13.
Rf2 {[%emt 0:00:00]} Kf8 {[%emt 0:00:00]} 14. Raf1 {[%emt 0:00:00]} Kg8 {
[%emt 0:00:00]} 15. h4 {[%emt 0:00:00]} Kh7 {[%emt 0:00:00]} 16. Kh2 {[%emt 0:
00:00]} Qd7 {[%emt 0:00:00]} 17. Ng1 {[%emt 0:00:00]} Rhf8 {[%emt 0:00:00]} 18.
Bh3 {[%emt 0:00:00]} f5 {[%emt 0:00:00]} 19. h5 {[%emt 0:00:00]} gxh5 {[%emt 0:
00:00]} 20. exf5 {[%emt 0:00:00]} Nexf5 {[%emt 0:00:00]} 21. Ne4 {[%emt 0:00:
00]} h4 {[%emt 0:00:00]} 22. gxh4 {[%emt 0:00:00]} Nxe3 {[%emt 0:00:00]} 23.
Qxe3 {[%emt 0:00:00]} Bxh3 {[%emt 0:00:00]} 24. Nxh3 {[%emt 0:02:40]} Nxc2 {
[%emt 0:00:00]} 25. Neg5+ {[%emt 0:01:01]} hxg5 {[%emt 0:00:00]} 26. Nxg5+ {
[%emt 0:01:52]} Kg8 {[%emt 0:07:47]} 27. Qe4 {[%emt 0:02:13]} Bf6 {[%emt 0:00:
12]} 28. Rxf6 {[%emt 0:01:14]} 1-0

[Event "6e Open International d'Echecs des Sable"]
[Site "Sables d'Olonne, France"]
[Date "2019.07.15"]
[Round "3.3"]
[White "Redondo Arguelles, Graciela"]
[Black "Duboue, Peio"]
[Result "1/2-1/2"]
[WhiteElo "2043"]
[BlackElo "2409"]
[Annotator "jeanluc"]
[PlyCount "135"]
[EventDate "2019.??.??"]
[TimeControl "1/40:0"]
[WhiteClock "0:01:40"]
[BlackClock "0:10:33"]

1. e4 {[%emt 0:00:00]} e5 {[%emt 0:00:00]} 2. Nf3 {[%emt 0:00:00]} Nc6 {
[%emt 0:00:00]} 3. Bb5 {[%emt 0:00:00]} Nf6 {[%emt 0:00:00]} 4. d3 {[%emt 0:00:
00]} d6 {[%emt 0:00:00]} 5. c3 {[%emt 0:00:00]} Be7 {[%emt 0:00:00]} 6. O-O {
[%emt 0:00:00]} O-O {[%emt 0:00:00]} 7. Re1 {[%emt 0:00:00]} a6 {[%emt 0:00:00]
} 8. Ba4 {[%emt 0:00:00]} b5 {[%emt 0:00:00]} 9. Bc2 {[%emt 0:00:00]} Bb7 {
[%emt 0:00:00]} 10. Nbd2 {[%emt 0:00:00]} d5 {[%emt 0:00:00]} 11. Nf1 {[%emt 0:
00:00]} Re8 {[%emt 0:00:00]} 12. Ng3 {[%emt 0:00:00]} Bf8 {[%emt 0:00:00]} 13.
Bg5 {[%emt 0:00:00]} dxe4 {[%emt 0:00:00]} 14. dxe4 {[%emt 0:00:00]} Qxd1 {
[%emt 0:00:00]} 15. Raxd1 {[%emt 0:00:00]} Be7 {[%emt 0:00:00]} 16. Nf5 {
[%emt 0:00:00]} Bd8 {[%emt 0:00:00]} 17. Nd2 {[%emt 0:00:00]} h6 {[%emt 0:00:
00]} 18. Bh4 {[%emt 0:00:00]} Nh7 {[%emt 0:00:00]} 19. Bxd8 {[%emt 0:00:00]}
Raxd8 {[%emt 0:00:00]} 20. Nb3 {[%emt 0:00:00]} Bc8 {[%emt 0:00:00]} 21. Ne3 {
[%emt 0:00:00]} Ng5 {[%emt 0:00:00]} 22. Nc5 {[%emt 0:00:00]} Ne6 {[%emt 0:00:
00]} 23. Nxe6 {[%emt 0:00:00]} Bxe6 {[%emt 0:00:00]} 24. Bb3 {[%emt 0:00:00]}
Kf8 {[%emt 0:00:00]} 25. Bxe6 {[%emt 0:00:00]} Rxe6 {[%emt 0:00:00]} 26. Rxd8+
{[%emt 0:00:00]} Nxd8 {[%emt 0:00:00]} 27. Rd1 {[%emt 0:00:00]} Rd6 {[%emt 0:
00:00]} 28. Rxd6 {[%emt 0:00:00]} cxd6 {[%emt 0:00:00]} 29. Nf5 {[%emt 0:00:00]
} Nb7 {[%emt 0:00:00]} 30. b4 {[%emt 0:00:00]} h5 {[%emt 0:00:00]} 31. Kf1 {
[%emt 0:00:00]} g6 {[%emt 0:00:00]} 32. Ne3 {[%emt 0:00:00]} Nd8 {[%emt 0:00:
00]} 33. Nd5 {[%emt 0:03:36]} Ne6 {[%emt 0:00:00]} 34. Ke2 {[%emt 0:00:23]} Ke8
{[%emt 0:00:00]} 35. Kd3 {[%emt 0:00:58]} Kd7 {[%emt 0:00:00]} 36. g3 {[%emt 0:
01:37]} Ng5 {[%emt 0:00:00]} 37. Ke3 {[%emt 0:03:14]} f5 {[%emt 0:00:00]} 38.
f3 {[%emt 0:01:38]} fxe4 {[%emt 0:00:00]} 39. fxe4 {[%emt 0:00:39]} Ne6 {
[%emt 0:00:00]} 40. h4 {[%emt 0:03:46]} Nd8 {[%emt 0:00:00]} 41. Kf3 {[%emt 0:
02:04]} Nc6 {[%emt 0:00:00]} 42. g4 {[%emt 0:06:34]} hxg4+ {[%emt 0:05:09]} 43.
Kxg4 {[%emt 0:00:16]} Ne7 {[%emt 0:01:06]} 44. Nf6+ {[%emt 0:00:00]} Ke6 {
[%emt 0:00:00]} 45. Ne8 {[%emt 0:00:00]} d5 {[%emt 0:00:00]} 46. Kf3 {[%emt 0:
00:00]} Kd7 {[%emt 0:01:37]} 47. Nf6+ {[%emt 0:00:00]} Kd6 {[%emt 0:00:13]} 48.
Ne8+ {[%emt 0:00:00]} Kc6 {[%emt 0:01:07]} 49. Nf6 {[%emt 0:00:00]} Kd6 {
[%emt 0:02:58]} 50. Ne8+ {[%emt 0:00:00]} Kd7 {[%emt 0:00:13]} 51. Nf6+ {
[%emt 0:00:00]} Ke6 {[%emt 0:00:12]} 52. Ne8 {[%emt 0:00:00]} dxe4+ {[%emt 0:
00:14]} 53. Kxe4 {[%emt 0:00:04]} Nf5 {[%emt 0:01:17]} 54. Nc7+ {[%emt 0:02:30]
} Kd6 {[%emt 0:00:12]} 55. Nxa6 {[%emt 0:00:19]} Nxh4 {[%emt 0:00:13]} 56. Nc5
{[%emt 0:00:31]} g5 {[%emt 0:01:20]} 57. Nd3 {[%emt 0:03:00]} Ng6 {[%emt 0:04:
14]} 58. Kf5 {[%emt 0:01:30]} Ne7+ {[%emt 0:00:15]} 59. Kxg5 {[%emt 0:02:41]}
Nd5 {[%emt 0:05:08]} 60. Kf5 {[%emt 0:01:05]} Nxc3 {[%emt 0:00:14]} 61. Nxe5 {
[%emt 0:00:40]} Kd5 {[%emt 0:01:03]} 62. Nd7 {[%emt 0:03:31]} Kc4 {[%emt 0:03:
58]} 63. a3 {[%emt 0:00:45]} Kb3 {[%emt 0:01:37]} 64. Ne5 {[%emt 0:00:36]} Kxa3
{[%emt 0:01:06]} 65. Nc6 {[%emt 0:00:25]} Nd5 {[%emt 0:00:14]} 66. Nd4 {
[%emt 0:00:24]} Kxb4 {[%emt 0:00:14]} 67. Nxb5 {[%emt 0:00:14]} Kxb5 {[%emt 0:
00:13]} 68. Ke4 {[%emt 0:00:04]} 1/2-1/2

[Event "6e Open International d'Echecs des Sable"]
[Site "Sables d'Olonne, France"]
[Date "2019.07.15"]
[Round "3.4"]
[White "Colin, Vincent"]
[Black "Angermuende, Dirk"]
[Result "1-0"]
[WhiteElo "2370"]
[BlackElo "1972"]
[Annotator "jeanluc"]
[PlyCount "81"]
[EventDate "2019.??.??"]
[TimeControl "1/40:0"]
[WhiteClock "0:41:49"]
[BlackClock "0:02:09"]

1. Nf3 {[%emt 0:00:00]} Nf6 {[%emt 0:00:00]} 2. c4 {[%emt 0:00:00]} e6 {
[%emt 0:00:00]} 3. e3 {[%emt 0:00:00]} c5 {[%emt 0:00:00]} 4. d4 {[%emt 0:00:
00]} cxd4 {[%emt 0:00:00]} 5. exd4 {[%emt 0:00:00]} d5 {[%emt 0:00:00]} 6. Nc3
{[%emt 0:00:00]} Nc6 {[%emt 0:00:00]} 7. c5 {[%emt 0:00:00]} Ne4 {[%emt 0:00:
00]} 8. Qc2 {[%emt 0:00:00]} Nxc3 {[%emt 0:00:00]} 9. Qxc3 {[%emt 0:00:00]} e5
{[%emt 0:00:00]} 10. Nxe5 {[%emt 0:00:00]} Nxe5 {[%emt 0:00:00]} 11. dxe5 {
[%emt 0:00:00]} d4 {[%emt 0:00:00]} 12. Qg3 {[%emt 0:00:00]} Bxc5 {[%emt 0:00:
00]} 13. Qxg7 {[%emt 0:00:00]} Bb4+ {[%emt 0:00:00]} 14. Kd1 {[%emt 0:00:00]}
Rf8 {[%emt 0:00:00]} 15. Bd3 {[%emt 0:00:00]} Be6 {[%emt 0:00:00]} 16. Qxh7 {
[%emt 0:00:00]} Qa5 {[%emt 0:00:00]} 17. Bh6 {[%emt 0:00:00]} Bb3+ {[%emt 0:03:
10]} 18. Ke2 {[%emt 0:00:00]} Qxe5+ {[%emt 0:01:06]} 19. Qe4 {[%emt 0:00:00]}
Qxe4+ {[%emt 0:00:42]} 20. Bxe4 {[%emt 0:00:00]} Bc4+ {[%emt 0:00:54]} 21. Kf3
{[%emt 0:00:00]} Rh8 {[%emt 0:02:48]} 22. Bg7 {[%emt 0:00:00]} Rg8 {[%emt 0:00:
20]} 23. Bxd4 {[%emt 0:00:00]} Rd8 {[%emt 0:02:56]} 24. Be3 {[%emt 0:00:00]}
Rd6 {[%emt 0:01:33]} 25. g3 {[%emt 0:00:00]} Be6 {[%emt 0:01:28]} 26. Kg2 {
[%emt 0:00:00]} Bd5 {[%emt 0:00:39]} 27. Bxd5 {[%emt 0:00:00]} Rxd5 {[%emt 0:
00:11]} 28. Bxa7 {[%emt 0:00:00]} Rg6 {[%emt 0:00:56]} 29. Be3 {[%emt 0:00:00]}
Rgd6 {[%emt 0:00:35]} 30. a3 {[%emt 0:00:00]} Bd2 {[%emt 0:00:29]} 31. Bxd2 {
[%emt 0:00:00]} Rxd2 {[%emt 0:00:14]} 32. b4 {[%emt 0:00:00]} R6d3 {[%emt 0:00:
40]} 33. Rhe1+ {[%emt 0:00:00]} Kf8 {[%emt 0:00:13]} 34. Re4 {[%emt 0:00:00]}
Rb2 {[%emt 0:00:56]} 35. a4 {[%emt 0:00:00]} Rdb3 {[%emt 0:00:53]} 36. b5 {
[%emt 0:00:00]} b6 {[%emt 0:01:06]} 37. Rc1 {[%emt 0:00:00]} Kg7 {[%emt 0:02:
00]} 38. Rc6 {[%emt 0:00:00]} Rb4 {[%emt 0:00:13]} 39. Rxb4 {[%emt 0:00:00]}
Rxb4 {[%emt 0:00:15]} 40. Rxb6 {[%emt 0:00:00]} Rxa4 {[%emt 0:00:14]} 41. Rb8 {
[%emt 0:00:00]} 1-0

[Event "6e Open International d'Echecs des Sable"]
[Site "Sables d'Olonne, France"]
[Date "2019.07.15"]
[Round "3.5"]
[White "Mariette, Lucas"]
[Black "Louassier, Cedric"]
[Result "1-0"]
[WhiteElo "2244"]
[BlackElo "1840"]
[Annotator "jeanluc"]
[PlyCount "137"]
[EventDate "2019.??.??"]
[TimeControl "1/40:0"]
[WhiteClock "1:02:24"]
[BlackClock "0:08:34"]

1. e4 {[%emt 0:00:00]} c5 {[%emt 0:00:00]} 2. Nf3 {[%emt 0:00:00]} d6 {[%emt 0:
00:00]} 3. d4 {[%emt 0:00:00]} cxd4 {[%emt 0:00:00]} 4. Nxd4 {[%emt 0:00:00]}
Nf6 {[%emt 0:00:00]} 5. Nc3 {[%emt 0:00:00]} a6 {[%emt 0:00:00]} 6. Be3 {
[%emt 0:00:00]} e5 {[%emt 0:00:00]} 7. Nb3 {[%emt 0:00:00]} Be7 {[%emt 0:00:00]
} 8. f3 {[%emt 0:00:00]} Be6 {[%emt 0:00:00]} 9. Qd2 {[%emt 0:00:00]} d5 {
[%emt 0:00:00]} 10. exd5 {[%emt 0:00:00]} Nxd5 {[%emt 0:00:00]} 11. Nxd5 {
[%emt 0:00:00]} Qxd5 {[%emt 0:00:00]} 12. Qxd5 {[%emt 0:00:00]} Bxd5 {[%emt 0:
00:00]} 13. O-O-O {[%emt 0:00:00]} Be6 {[%emt 0:00:00]} 14. Na5 {[%emt 0:00:00]
} b5 {[%emt 0:00:00]} 15. a4 {[%emt 0:00:00]} bxa4 {[%emt 0:00:00]} 16. Bc4 {
[%emt 0:00:00]} Bxc4 {[%emt 0:00:00]} 17. Nxc4 {[%emt 0:00:00]} Nd7 {[%emt 0:
00:00]} 18. Rd5 {[%emt 0:00:00]} a3 {[%emt 0:00:00]} 19. b3 {[%emt 0:00:00]} f6
{[%emt 0:00:00]} 20. Rhd1 {[%emt 0:00:00]} Rd8 {[%emt 0:00:23]} 21. Kb1 {
[%emt 0:00:00]} Nb8 {[%emt 0:02:18]} 22. Rxd8+ {[%emt 0:00:00]} Bxd8 {[%emt 0:
00:18]} 23. Nd6+ {[%emt 0:00:00]} Kf8 {[%emt 0:04:34]} 24. Bc5 {[%emt 0:00:00]}
Be7 {[%emt 0:00:22]} 25. Nf5 {[%emt 0:00:00]} Bxc5 {[%emt 0:01:11]} 26. Rd8+ {
[%emt 0:00:00]} Kf7 {[%emt 0:00:17]} 27. Rxh8 {[%emt 0:00:00]} Bf8 {[%emt 0:03:
33]} 28. Rxh7 {[%emt 0:00:00]} Nc6 {[%emt 0:01:29]} 29. Rh4 {[%emt 0:00:00]}
Nb4 {[%emt 0:00:54]} 30. Rc4 {[%emt 0:00:00]} a5 {[%emt 0:03:01]} 31. c3 {
[%emt 0:00:00]} Nd5 {[%emt 0:00:29]} 32. Ka2 {[%emt 0:00:00]} g6 {[%emt 0:00:
22]} 33. Nh4 {[%emt 0:00:00]} f5 {[%emt 0:01:36]} 34. g3 {[%emt 0:00:00]} Be7 {
[%emt 0:00:51]} 35. Ng2 {[%emt 0:00:00]} g5 {[%emt 0:00:18]} 36. Ne1 {[%emt 0:
00:00]} e4 {[%emt 0:00:36]} 37. fxe4 {[%emt 0:00:00]} fxe4 {[%emt 0:00:16]} 38.
Nc2 {[%emt 0:00:00]} e3 {[%emt 0:00:33]} 39. Nd4 {[%emt 0:00:00]} Kf6 {[%emt 0:
01:24]} 40. Rc6+ {[%emt 0:00:00]} Kf7 {[%emt 0:00:40]} 41. Kb1 {[%emt 0:00:00]}
Bf6 {[%emt 0:00:00]} 42. Ne2 {[%emt 0:00:00]} Ke7 {[%emt 0:00:00]} 43. Ka2 {
[%emt 0:00:00]} Kd7 {[%emt 0:00:00]} 44. Rc5 {[%emt 0:00:00]} Kd6 {[%emt 0:00:
00]} 45. Rc4 {[%emt 0:00:00]} Nb6 {[%emt 0:00:00]} 46. Re4 {[%emt 0:00:00]} Nd5
{[%emt 0:00:00]} 47. Kxa3 {[%emt 0:00:00]} Nxc3 {[%emt 0:00:00]} 48. Nxc3 {
[%emt 0:00:00]} Bxc3 {[%emt 0:00:00]} 49. Rxe3 {[%emt 0:00:00]} Bb4+ {[%emt 0:
00:00]} 50. Ka4 {[%emt 0:00:00]} Kd5 {[%emt 0:00:00]} 51. Re8 {[%emt 0:00:00]}
Kc6 {[%emt 0:01:37]} 52. Re6+ {[%emt 0:00:00]} Kd5 {[%emt 0:00:24]} 53. Ra6 {
[%emt 0:00:00]} Ke4 {[%emt 0:00:35]} 54. Rxa5 {[%emt 0:00:00]} Bxa5 {[%emt 0:
00:19]} 55. Kxa5 {[%emt 0:00:00]} Kf3 {[%emt 0:00:15]} 56. b4 {[%emt 0:00:00]}
g4 {[%emt 0:02:07]} 57. b5 {[%emt 0:00:00]} Kg2 {[%emt 0:00:16]} 58. b6 {
[%emt 0:00:00]} Kxh2 {[%emt 0:00:17]} 59. b7 {[%emt 0:00:00]} Kxg3 {[%emt 0:00:
19]} 60. b8=Q+ {[%emt 0:00:00]} Kg2 {[%emt 0:01:37]} 61. Kb4 {[%emt 0:00:00]}
g3 {[%emt 0:00:18]} 62. Kc3 {[%emt 0:00:00]} Kf2 {[%emt 0:00:52]} 63. Qf4+ {
[%emt 0:00:00]} Kg2 {[%emt 0:00:28]} 64. Kd2 {[%emt 0:00:00]} Kh1 {[%emt 0:00:
16]} 65. Qh4+ {[%emt 0:00:00]} Kg2 {[%emt 0:00:24]} 66. Ke2 {[%emt 0:00:00]}
Kg1 {[%emt 0:00:32]} 67. Kf3 {[%emt 0:00:00]} g2 {[%emt 0:00:26]} 68. Qf2+ {
[%emt 0:00:00]} Kh1 {[%emt 0:00:19]} 69. Qxg2# {[%emt 0:00:00]} 1-0

[Event "6e Open International d'Echecs des Sable"]
[Site "Sables d'Olonne, France"]
[Date "2019.07.15"]
[Round "3.7"]
[White "Cotonnec, Melkior"]
[Black "Flachet, Thierry"]
[Result "1-0"]
[WhiteElo "2293"]
[BlackElo "2043"]
[Annotator "jeanluc"]
[PlyCount "49"]
[EventDate "2019.??.??"]
[TimeControl "1/40:0"]
[WhiteClock "0:20:59"]
[BlackClock "0:23:55"]

1. b4 {[%emt 0:00:00]} d5 {[%emt 0:00:00]} 2. Bb2 {[%emt 0:00:00]} Bf5 {
[%emt 0:00:00]} 3. Nf3 {[%emt 0:00:00]} h6 {[%emt 0:00:00]} 4. e3 {[%emt 0:00:
00]} e6 {[%emt 0:00:00]} 5. c4 {[%emt 0:00:00]} Nf6 {[%emt 0:00:00]} 6. a3 {
[%emt 0:00:00]} Be7 {[%emt 0:00:00]} 7. Nc3 {[%emt 0:00:00]} O-O {[%emt 0:00:
00]} 8. d4 {[%emt 0:00:00]} c6 {[%emt 0:00:00]} 9. Be2 {[%emt 0:00:00]} Nbd7 {
[%emt 0:00:00]} 10. O-O {[%emt 0:00:00]} a5 {[%emt 0:00:00]} 11. Qb3 {[%emt 0:
00:00]} axb4 {[%emt 0:00:00]} 12. axb4 {[%emt 0:00:00]} Qb6 {[%emt 0:00:00]}
13. c5 {[%emt 0:00:00]} Qc7 {[%emt 0:00:00]} 14. b5 {[%emt 0:00:00]} Rab8 {
[%emt 0:00:00]} 15. Ra7 {[%emt 0:00:00]} Qc8 {[%emt 0:00:00]} 16. Qa4 {[%emt 0:
00:00]} Ra8 {[%emt 0:00:00]} 17. Ra1 {[%emt 0:00:00]} Rxa7 {[%emt 0:00:00]} 18.
Qxa7 {[%emt 0:00:00]} Nb8 {[%emt 0:00:00]} 19. Ne5 {[%emt 0:00:00]} Nfd7 {
[%emt 0:00:00]} 20. bxc6 {[%emt 0:00:00]} Nxc6 {[%emt 0:00:00]} 21. Nxc6 {
[%emt 0:00:00]} bxc6 {[%emt 0:00:00]} 22. Na4 {[%emt 0:00:00]} Qd8 {[%emt 0:00:
00]} 23. Bc3 {[%emt 0:00:00]} Nb8 {[%emt 0:00:00]} 24. Ba5 {[%emt 0:00:00]} Qd7
{[%emt 0:00:00]} 25. Bc7 {[%emt 0:00:00]} 1-0

[Event "6e Open International d'Echecs Sables d'"]
[Site "Les Sables d'Olonne ; France"]
[Date "2019.07.15"]
[Round "3.8"]
[White "Vion, Jean-Francois"]
[Black "Dalaud, Dorian"]
[Result "1-0"]
[WhiteElo "1960"]
[BlackElo "2220"]
[PlyCount "101"]
[EventDate "2019.??.??"]
[WhiteTeam "Cercle d'Echecs de Cholet"]
[BlackTeam "Cercle d'Echecs de Nantes"]

1. e4 c5 2. Nf3 Nc6 3. d4 cxd4 4. Nxd4 Nf6 5. Nc3 d6 6. Bc4 Bd7 7. Bb3 e6 8.
Be3 Be7 9. Qe2 a6 10. O-O-O Qc7 11. g4 h5 12. gxh5 O-O-O 13. Rhg1 Nxh5 14. f4
Nxd4 15. Rxd4 b5 16. Na4 Kb8 17. Nc3 Qb7 18. f5 Rc8 19. Rgd1 Nf6 20. Bf2 Rxh2
21. e5 Rxf2 22. Qxf2 dxe5 23. R4d3 exf5 24. Nd5 Ng4 25. Qe1 Bc5 26. Ne7 Bxe7
27. Rxd7 Rc7 28. Bd5 Qc8 29. Rxc7 Bg5+ 30. Kb1 Qxc7 31. Qb4 Be7 32. Qb3 f6 33.
a4 Qb6 34. Be6 Bd6 35. Bxf5 Ne3 36. Rxd6 Qxd6 37. Qxe3 bxa4 38. Qe4 a3 39. bxa3
Qxa3 40. Qc4 Qd6 41. Qg8+ Kc7 42. Qxg7+ Kd8 43. Qb7 Ke8 44. Ka2 Kd8 45. Kb3 Ke8
46. Bd3 Qe6+ 47. Bc4 Qd6 48. Bxa6 f5 49. Bc4 Qd1 50. Qf7+ Kd8 51. Qf6+ 1-0

[Event "6e Open International d'Echecs Sables d'"]
[Site "Les Sables d'Olonne ; France"]
[Date "2019.07.15"]
[Round "3.9"]
[White "Besson, Bastien"]
[Black "Picart, Laurent"]
[Result "1-0"]
[WhiteElo "2204"]
[BlackElo "2061"]
[PlyCount "37"]
[EventDate "2019.??.??"]
[WhiteTeam "Cercle d'Echecs de Nantes"]
[BlackTeam "Echiquier Quimpérois"]

1. e4 e6 2. d4 d5 3. Nc3 Nf6 4. Bg5 Bb4 5. e5 h6 6. Be3 Ne4 7. Qg4 Kf8 8. a3
Bxc3+ 9. bxc3 c5 10. Bd3 Qa5 11. Ne2 cxd4 12. Bxd4 Nc6 13. O-O Nc5 14. c4 Nxd3
15. cxd3 Bd7 16. Bc3 Qc5 17. Rab1 dxc4 18. d4 Qd5 19. Nf4 1-0